|
|
|
|
| LEADER |
01591nam a22003853i 4500 |
| 001 |
EBC7153765 |
| 003 |
MiAaPQ |
| 005 |
20231204023228.0 |
| 006 |
m o d | |
| 007 |
cr cnu|||||||| |
| 008 |
231204s2023 xx o ||||0 ger d |
| 020 |
|
|
|a 9783662662274
|q (electronic bk.)
|
| 020 |
|
|
|z 9783662662267
|
| 035 |
|
|
|a (MiAaPQ)EBC7153765
|
| 035 |
|
|
|a (Au-PeEL)EBL7153765
|
| 035 |
|
|
|a (OCoLC)1369659330
|
| 040 |
|
|
|a MiAaPQ
|b eng
|e rda
|e pn
|c MiAaPQ
|d MiAaPQ
|
| 050 |
|
4 |
|a HF5387-5387.5
|
| 100 |
1 |
|
|a Renz, Patrick S.
|
| 245 |
1 |
0 |
|a Integrität Im Managementalltag :
|b Ethische Dilemmas Im Managementalltag Erfassen und Lösen.
|
| 250 |
|
|
|a 2nd ed.
|
| 264 |
|
1 |
|a Berlin, Heidelberg :
|b Springer Berlin / Heidelberg,
|c 2023.
|
| 264 |
|
4 |
|c {copy}2023.
|
| 300 |
|
|
|a 1 online resource (148 pages)
|
| 336 |
|
|
|a text
|b txt
|2 rdacontent
|
| 337 |
|
|
|a computer
|b c
|2 rdamedia
|
| 338 |
|
|
|a online resource
|b cr
|2 rdacarrier
|
| 588 |
|
|
|a Description based on publisher supplied metadata and other sources.
|
| 590 |
|
|
|a Electronic reproduction. Ann Arbor, Michigan : ProQuest Ebook Central, 2023. Available via World Wide Web. Access may be limited to ProQuest Ebook Central affiliated libraries.
|
| 655 |
|
4 |
|a Electronic books.
|
| 700 |
1 |
|
|a Frischherz, Bruno.
|
| 700 |
1 |
|
|a Wettstein, Irena.
|
| 776 |
0 |
8 |
|i Print version:
|a Renz, Patrick S.
|t Integrität Im Managementalltag
|d Berlin, Heidelberg : Springer Berlin / Heidelberg,c2023
|z 9783662662267
|
| 797 |
2 |
|
|a ProQuest (Firm)
|
| 856 |
4 |
0 |
|u https://ebookcentral.proquest.com/lib/matrademy/detail.action?docID=7153765
|z Click to View
|